000 00474nam a2200193Ia 4500
005 20230720101120.0
008 131103s9999 xx 000 0 und d
020 _a449002489
040 _aLoreto College
041 _aEnglish
082 _aF
_bBEA
100 _aBeauman,Sally
245 _aDeception and desire
_cSally Beauman
260 _aNew York
_bFawcett Gold Medal
_c1997
300 _a466 p.
650 _aFiction in English
850 _aLCLIB
942 _cBK
999 _c16264
_d66743